| 000 | 00736nam a22002177a 4500 | ||
|---|---|---|---|
| 999 |
_c20459 _d20459 |
||
| 003 | AR-CdUCM | ||
| 008 | 190513b ||||| |||| 00| 0 spa d | ||
| 040 |
_aMUNICIPALIDAD PROVINCIAL DEL CUSCO _cBIBLIOTECA MUNICIPAL DEL CUSCO |
||
| 082 |
_a620.137 / _bA77 |
||
| 100 |
_aArquero Esteban, Francisco _938899 |
||
| 245 | _aCalculo practico del hormigon armado I / | ||
| 260 |
_aBarcelona : _bCEAC, _c1959. |
||
| 300 |
_a235 páginas ; _c23 cm. |
||
| 505 | _aContenido : Flexión de vigas de sección rectangular -- Flexión simple en placas y vigas-placas... | ||
| 650 |
_aCimientos _942779 |
||
| 650 |
_aArmaduras de placas _942780 |
||
| 650 |
_aEstructuras _919977 |
||
| 650 |
_aVigas _931330 |
||
| 942 |
_2ddc _cLIBROS |
||
| 945 | _arcc | ||